| 000 | 00599nam a2200157Ia 4500 | ||
|---|---|---|---|
| 008 | 250506s9999 xx 000 0 und d | ||
| 024 | _a18B-015-SE, 18B-017-SE, 18B-115-SE, 18B-064-SE & 18B-089-SE | ||
| 082 | _a006.072 RAZ | ||
| 100 | _aMohsin Raza, Muhammad Bilal Rehman Khan, Sajeel Ahmed Siddiqui & Ramsha | ||
| 110 | _aSir Nasiruddin | ||
| 245 | 0 | _aMedi-Check | |
| 260 |
_aKarachi: _bUIT, _c2018 |
||
| 600 | _aSoftware Engineering | ||
| 650 | _aBachelor of Engineering (BE) | ||
| 856 |
_uhttps://drive.google.com/file/d/1nbnzl8Mq48D7PgzbBqIaLtEJrfb_BS4J/view?usp=share_link _yClick here for PDF |
||
| 999 |
_c29084 _d29084 |
||